000 00882nas a2200301 4500
001 BR0705968
003 BR-BrBNA
005 20231205111229.0
007 ta
008 230509b bl.|||p| |||| 00| 00por d
040 _aBR-BrBNA
_bpor
_cBiblioteca Nacional de Agricultura
041 _a(Pt)
072 _aL70; L73
100 1 _aSouza, C.
100 1 _aLopes, S.T. dos
100 1 _aBatina, P.N.
100 1 _aCecim, M.
100 1 _aCunha, C.M.
100 1 _aConrado, A. de C.
100 1 _aBeck, A.
245 1 _aEstresse parasitário em cabras saanem: avaliação hematológica e da atividade oxidativa dos neutrófilos
650 _aCABRA
650 _aNEMATOIDE
650 _aHEMOGRAMA
773 0 _tVeterinária Notícias (Brazil)
_xISSN 0104-3463
_g(2006), v. 12(2) p. 17-22
_wBR0705968
909 _a202311
_bLúcia
_c55
_dLúcia Elande
942 _2AGRIS
_n0
_cANA
999 _c191493
_d191493